000 00652nam a2200241Ia 4500
003 OSt
005 20220918174432.0
006 a|||||r|||| 00| 0
007 ta
008 220917b |||||||| |||| 00| 0 eng d
024 _a12,132
037 _cTextual
040 _aARTS
_cARTS
_beng
041 _2eng
_aeng
082 _a/\2y7M63, N5 (P15)
100 _aBanhatti G S
_950476
245 0 _aLife and philosophy of Swami Vivekananda
260 _aNew Delhi
_bAtlantic Pub
_c1995
300 _axvi,260p.
_ccm.
650 _aSPIRITUALISM
942 _h/\2y7M63, N5 (P15)
_cTEXL
_2CC
999 _c153181
_d153181